000 01318 a2200193 4500
003 NUST
005 20221121135958.0
020 _a0-07-072197-1
040 _cNust
082 _a515.353,ZIL
100 _aZill Dennis.G
_91266
245 _aDifferential Equations :
_bwith Boundary Value Problems /
_cDennis G. Zill
250 _a3th ed
260 _aBoston
_bPWS
_c1992
300 _axv,775 p.:
505 _aIntroduction to Differential Equations (Page-1), First-Order Differential Equations (Page-33), Applications of First-Order Differential Equations (Page-87), Linear Differential Equations of Higher Order (Page-129), Applications of Second Order Differential Equations Vibration Models (Page-211), Differential Equations with Variable Coefficients (Page-257), Laplace Transform (Page-323), Systems of Linear Differential Equations (Page-389), Numerical Methods for Ordinary Differential Equations (Page-487), Plane Autonomous Systems and Stability (Page-543), Orthogonal Functions and (Page-597), Boundary Value Problems In Rectangular Coordinates (Page-643), Boundary Value Problems In other Coordinate Systems (Page-693), Integral Transform Method (Page-715), Numerical Methods for Partial Differential Equations (Page-747).
650 _aBioundary Value Peoblems
_9103276
942 _2ddc
_cBK
_k515.353,ZIL
999 _c194716
_d194716